L'educazione interculturale e il ruolo degli insegnanti (Record no. 71885)

MARC details
000 -CABECERA
campo de control de longitud fija 00529nam a2200193 a 4500
005 - FECHA Y HORA DE LA ÚLTIMA TRANSACCIÓN
campo de control 20210219153237.0
008 - ELEMENTOS DE LONGITUD FIJA--INFORMACIÓN GENERAL
campo de control de longitud fija 991125n 000 0 ita u
035 ## - NÚMERO DE CONTROL DEL SISTEMA
Número de control de sistema UPN01000085404
100 ## - ASIENTO PRINCIPAL--NOMBRE PERSONAL
Nombre de persona Augenti, Antonio
222 #0 - TÍTULO CLAVE
Título clave RICERCHE DIDATTICHE
245 #0 - MENCIÓN DE TÍTULO
Título L'educazione interculturale e il ruolo degli insegnanti
300 ## - DESCRIPCIÓN FÍSICA
Extensión 257-259
362 ## - FECHAS DE PUBLICACIÓN Y/O DESIGNACIÓN SECUENCIAL
Fecha de publicación y/o designación secuencial 1992 No. 11-12 = 359-360, nov.-dic.
653 0# - TERMINO DE INDIZACION - NO CONTROLADO
Término no controlado EDUCACION MULTICULTURAL
653 0# - TERMINO DE INDIZACION - NO CONTROLADO
Término no controlado ENSEÑANZA
653 0# - TERMINO DE INDIZACION - NO CONTROLADO
Término no controlado MAESTROS
904 ## - ELEMENTOS DE DATOS D LOCAL, LDD (RLIN)
a AC
b 023215
905 ## - TIPO DE MATERIAL
Tipo de material Articulo

No items available.